[Event "Gatineau op"]
[Site "Gatineau CAN"]
[Date "2025.04.13"]
[Round "4.18"]
[White "Hong, Zihan"]
[Black "Adam, Rafael"]
[Result "0-1"]
[WhiteElo "1936"]
[BlackElo "2318"]
[WhiteFideId "-1"]
[WhiteFideId "-1"]
[PlyCount "70"]
[GameId "2169905210062516"]
[EventDate "2025.04.11"]
[EventType "swiss"]
[EventRounds "5"]
[EventCountry "CAN"]

1. d4 f5 2. Bf4 Nf6 3. e3 d6 4. Nc3 g6 5. Be2 Bg7 6. h4 h6 7. Nf3 c6 8. Bd3 Qa5 9. Qd2 Ng4 10. O-O O-O 11. Rab1 e5 12. dxe5 dxe5 13. Bg3 Be6 14. Qe2 b5 15. e4 f4 16. Bh2 Nd7 17. a3 Qd8 18. g3 g5 19. hxg5 hxg5 20. Kg2 Qf6 21. Qd1 Rad8 22. b4 Nb6 23. Qe2 Nh6 24. Nd2 f3+ 25. Qxf3 Bh3+ 26. Kg1 Qxf3 27. Nxf3 Bxf1 28. Rxf1 Rxf3 29. Kg2 Rfxd3 30. cxd3 Rxd3 31. Rc1 g4 32. Kf1 Nc4 33. a4 a6 34. axb5 axb5 35. Kg2 Nf7 0-1

[Event "Gatineau op"]
[Site "Gatineau CAN"]
[Date "2025.04.13"]
[Round "4.19"]
[White "Pelev, Iassen"]
[Black "Desjardins, Michel"]
[Result "1/2-1/2"]
[WhiteElo "2110"]
[BlackElo "1936"]
[WhiteFideId "-1"]
[WhiteFideId "-1"]
[PlyCount "128"]
[GameId "2172342674242331"]
[EventDate "2025.04.11"]
[EventType "swiss"]
[EventRounds "5"]
[EventCountry "CAN"]

1. e4 d5 2. exd5 Qxd5 3. Nc3 Qd8 4. d4 Nf6 5. Bc4 a6 6. Nf3 b5 7. Bb3 c5 8. dxc5 Qxd1+ 9. Nxd1 e6 10. a4 b4 11. Be3 Bb7 12. c3 Nc6 13. cxb4 Nxb4 14. Ke2 Bd5 15. Bxd5 Nfxd5 16. Rc1 Nxe3 17. Nxe3 Rc8 18. Rc4 a5 19. Rhc1 Na2 20. Ra1 Nb4 21. Nd4 Rxc5 22. Rxc5 Bxc5 23. Rc1 Bb6 24. Rc8+ Bd8 25. Nc4 O-O 26. Nb5 Bf6 27. Rxf8+ Kxf8 28. Nxa5 Bxb2 29. Nc4 Bf6 30. Ke3 Na6 31. Nbd6 Bc3 32. Kd3 Bb4 33. Kc2 Ke7 34. Nb5 f6 35. Kb3 Be1 36. f3 e5 37. Nb2 Ke6 38. Kc4 Ba5 39. Nd3 Bb6 40. Nc3 Bd4 41. Ne2 Be3 42. Kb5 Nc7+ 43. Kc6 Na6 44. Nc3 f5 45. Kb5 Nc7+ 46. Kc6 Na6 47. Kb7 Nc5+ 48. Nxc5+ Bxc5 49. Kc6 Bf2 50. a5 Be1 51. a6 Bf2 52. Kb7 Kd6 53. a7 Bxa7 54. Kxa7 Kc5 55. Kb7 Kd4 56. Nb5+ Kd3 57. Nd6 g6 58. Kc6 e4 59. fxe4 fxe4 60. Kd5 e3 61. Nc4 e2 62. Ne5+ Ke3 63. Nf3 Kf2 64. Ke4 Kxg2 1/2-1/2

[Event "Gatineau op"]
[Site "Gatineau CAN"]
[Date "2025.04.13"]
[Round "4.20"]
[White "Duval, Mathieu"]
[Black "Guillemette, Thomas"]
[Result "1-0"]
[WhiteElo "1983"]
[BlackElo "1930"]
[WhiteFideId "-1"]
[WhiteFideId "-1"]
[PlyCount "75"]
[GameId "2169905210066614"]
[EventDate "2025.04.11"]
[EventType "swiss"]
[EventRounds "5"]
[EventCountry "CAN"]

1. d4 Nf6 2. c4 g6 3. g3 Bg7 4. Bg2 O-O 5. Nc3 Nc6 6. Nf3 d6 7. O-O e5 8. dxe5 dxe5 9. Bg5 Be6 10. Nd2 Qd7 11. Bxf6 Bxf6 12. Nde4 Qe7 13. Nd5 Bxd5 14. cxd5 Rfd8 15. e3 Bg7 16. Rc1 Kh8 17. a3 Nb8 18. Qb3 b6 19. d6 cxd6 20. Nxd6 Qxd6 21. Bxa8 Qe7 22. Rfd1 Rf8 23. Qc2 Na6 24. Bg2 Nc5 25. b4 Ne6 26. Qc6 Rd8 27. Rxd8+ Qxd8 28. Bd5 Qe7 29. Bxe6 fxe6 30. Qc8+ Bf8 31. Rc7 Qf6 32. Qd7 Bg7 33. Rxa7 e4 34. Qxg7+ Qxg7 35. Rxg7 Kxg7 36. a4 Kf7 37. a5 Ke7 38. a6 1-0

[Event "Gatineau op"]
[Site "Gatineau CAN"]
[Date "2025.04.13"]
[Round "4.21"]
[White "Wu, Ting En Ryan"]
[Black "Page-Fortin, Mathieu"]
[Result "0-1"]
[WhiteElo "1926"]
[BlackElo "1981"]
[WhiteFideId "-1"]
[WhiteFideId "-1"]
[PlyCount "84"]
[GameId "2169905210066615"]
[EventDate "2025.04.11"]
[EventType "swiss"]
[EventRounds "5"]
[EventCountry "CAN"]

1. e4 e6 2. d4 d5 3. e5 Bd7 4. c4 dxc4 5. Bxc4 Bc6 6. Nf3 Ne7 7. Be3 Nd7 8. Nc3 Nb6 9. Bb3 Nf5 10. O-O Be7 11. Rc1 Qd7 12. a4 O-O 13. a5 Nd5 14. Nxd5 Bxd5 15. Bxd5 Qxd5 16. Rxc7 Rac8 17. Qc2 Rxc7 18. Qxc7 Bd8 19. Qc2 Bxa5 20. Rd1 h6 21. Bd2 Bb6 22. Bc3 Rc8 23. Qd3 a5 24. g4 Ne7 25. Nd2 Ng6 26. Ne4 Rd8 27. Nd6 Bc7 28. Ra1 Bxd6 29. exd6 Nf4 30. Qf1 Qf3 31. h3 Nxh3+ 32. Kh2 Nxf2 33. Bxa5 Rxd6 34. Bc3 Nxg4+ 35. Kg1 Qe3+ 36. Kg2 Rd5 37. Ra8+ Kh7 38. Qxf7 Qe2+ 39. Kg3 Qh2+ 40. Kxg4 Rg5+ 41. Kf3 Rg3+ 42. Ke4 Qe2+ 0-1

[Event "Gatineau op"]
[Site "Gatineau CAN"]
[Date "2025.04.13"]
[Round "5.2"]
[White "Miranda Mesa, Elier"]
[Black "Latorre, Vincent"]
[Result "0-1"]
[WhiteElo "2516"]
[BlackElo "2366"]
[WhiteFideId "-1"]
[WhiteFideId "-1"]
[PlyCount "158"]
[GameId "2169905210083016"]
[EventDate "2025.04.11"]
[EventType "swiss"]
[EventRounds "5"]
[EventCountry "CAN"]

1. e4 e5 2. Nf3 Nc6 3. Bb5 a6 4. Ba4 Nf6 5. d3 b5 6. Bb3 Be7 7. Nc3 d6 8. a3 O-O 9. O-O Na5 10. Ba2 c5 11. b4 Nc6 12. Nd5 Be6 13. c3 Re8 14. Be3 Ng4 15. Bd2 Rc8 16. h3 Nf6 17. Be3 Bf8 18. Ng5 Nd7 19. f4 h6 20. Nf3 exf4 21. Bxf4 Bxd5 22. Bxd5 Nf6 23. Ba2 c4 24. dxc4 Rxe4 25. Nd2 Re8 26. cxb5 axb5 27. c4 bxc4 28. Bxc4 d5 29. Bd3 Ne5 30. Bf5 Qb6+ 31. Kh1 Rcd8 32. Nf3 Nc6 33. Rc1 Bd6 34. Bxd6 Rxd6 35. Re1 Rxe1+ 36. Qxe1 g6 37. Bd3 Re6 38. Qg1 Qb8 39. Qh2 Qa7 40. b5 Ne7 41. Qc7 Qxa3 42. b6 Rxb6 43. Re1 Re6 44. Rxe6 fxe6 45. Ne5 Ne8 46. Qb8 Kg7 47. Ng4 Qc1+ 48. Kh2 Qc7+ 49. Qxc7 Nxc7 50. Kg3 Nc6 51. Bc2 h5 52. Nf2 Kf6 53. Nd3 e5 54. Kf2 Ne6 55. Ba4 Ne7 56. Nb4 e4 57. Nc2 Ke5 58. Bd7 Nc5 59. Be8 d4 60. Nb4 h4 61. g3 g5 62. gxh4 gxh4 63. Bb5 Kf4 64. Nc2 Nf5 65. Nb4 e3+ 66. Kg2 Nd6 67. Be2 Nde4 68. Nd5+ Ke5 69. Nb4 Nc3 70. Nc6+ Kd5 71. Bf3+ N5e4 72. Ne7+ Kd6 73. Nf5+ Ke5 74. Nxh4 d3 75. Kf1 Nd2+ 76. Ke1 Nxf3+ 77. Nxf3+ Kf4 78. Nd2 exd2+ 79. Kxd2 Ke4 0-1

[Event "Gatineau op"]
[Site "Gatineau CAN"]
[Date "2025.04.13"]
[Round "5.3"]
[White "Dukic, Zachary"]
[Black "Chiku-Ratte, Olivier-Kenta"]
[Result "1/2-1/2"]
[WhiteElo "2365"]
[BlackElo "2432"]
[WhiteFideId "-1"]
[WhiteFideId "-1"]
[PlyCount "88"]
[GameId "2169905210083018"]
[EventDate "2025.04.11"]
[EventType "swiss"]
[EventRounds "5"]
[EventCountry "CAN"]

1. Nf3 Nf6 2. g3 b6 3. Bg2 Bb7 4. O-O g6 5. d4 Bg7 6. c4 c5 7. d5 d6 8. Nc3 O-O 9. e4 Nbd7 10. h3 b5 11. cxb5 a6 12. bxa6 Bxa6 13. Re1 Ne8 14. Qc2 Nc7 15. Bf4 Nb6 16. Rad1 Nb5 17. Nxb5 Bxb5 18. b3 Ra3 19. Bc1 Ra7 20. a4 Bd7 21. Be3 Qa8 22. Nd2 Nxa4 23. bxa4 Bxa4 24. Qd3 Bxd1 25. Rxd1 Ra1 26. Rxa1 Qxa1+ 27. Bf1 Rb8 28. Kg2 Rb4 29. h4 h5 30. Bg5 Qe1 31. Bxe7 Bd4 32. Bxd6 Qxf2+ 33. Kh3 Rb2 34. Bf4 c4 35. Qxc4 Rxd2 36. Bxd2 Qxd2 37. Qc7 Qf2 38. Bg2 Qf6 39. Qf4 Qxf4 40. gxf4 Kf8 41. Kg3 Bc3 42. Bf3 Be1+ 43. Kh3 Bd2 44. f5 Bf4 1/2-1/2

[Event "Gatineau op"]
[Site "Gatineau CAN"]
[Date "2025.04.13"]
[Round "5.5"]
[White "Masse, Hugues"]
[Black "Gordon, David"]
[Result "1-0"]
[WhiteElo "2172"]
[BlackElo "2287"]
[WhiteFideId "-1"]
[WhiteFideId "-1"]
[PlyCount "111"]
[GameId "2169905210087116"]
[EventDate "2025.04.11"]
[EventType "swiss"]
[EventRounds "5"]
[EventCountry "CAN"]

1. d4 d5 2. Bf4 e6 3. e3 Bd6 4. Nf3 Bxf4 5. exf4 Nf6 6. c3 O-O 7. Bd3 c5 8. Nbd2 cxd4 9. Nxd4 Nc6 10. N2f3 Nxd4 11. Nxd4 Qd6 12. g3 Bd7 13. O-O Rab8 14. a4 a6 15. Qe2 b5 16. axb5 Bxb5 17. Ra2 Bxd3 18. Qxd3 Rb6 19. Rfa1 Qb8 20. b4 Rc8 21. Rxa6 Ne4 22. R6a3 Qc7 23. f3 Nd6 24. Ra8 g6 25. R1a7 Qd8 26. Rxc8 Qxc8 27. Kg2 Nc4 28. Nb3 Ra6 29. Rxa6 Qxa6 30. Na5 h5 31. Nxc4 dxc4 32. Qd8+ Kg7 33. Qa5 Qc6 34. Qe5+ Kh7 35. Qd4 Qa6 36. Kh3 Qa2 37. Qf6 Kg8 38. b5 Qf2 39. Kh4 Qc5 40. Qd8+ Kg7 41. b6 Qf2 42. h3 Qxf3 43. Qd4+ f6 44. Qd7+ Kh6 45. Qxe6 Qxc3 46. Qg8 f5 47. Qf8+ Kh7 48. Qe7+ Kg8 49. b7 Qb3 50. Qd8+ Kf7 51. Qc7+ Ke6 52. Qe5+ Kf7 53. b8=Q g5+ 54. Kxh5 Qf3+ 55. Kh6 Qc6+ 56. Qbd6 1-0

[Event "Gatineau op"]
[Site "Gatineau CAN"]
[Date "2025.04.13"]
[Round "5.6"]
[White "Sambuev, Bator"]
[Black "Fiset, Anais Chloe"]
[Result "1-0"]
[WhiteElo "2520"]
[BlackElo "1932"]
[WhiteFideId "-1"]
[WhiteFideId "-1"]
[PlyCount "87"]
[GameId "2169905210087117"]
[EventDate "2025.04.11"]
[EventType "swiss"]
[EventRounds "5"]
[EventCountry "CAN"]

1. d4 d5 2. Nf3 Nf6 3. e3 c5 4. dxc5 e6 5. a3 Bxc5 6. b4 Be7 7. c4 O-O 8. Nc3 b6 9. cxd5 exd5 10. Bb2 Bb7 11. Nd4 Re8 12. Bb5 Nbd7 13. Nc6 Qc7 14. Nxe7+ Rxe7 15. Ne2 a6 16. Bxd7 Nxd7 17. Rc1 Qd6 18. Ng3 Qe6 19. O-O Ne5 20. Bxe5 Qxe5 21. Qd3 Rd8 22. Nf5 Red7 23. Nd4 Rc7 24. f4 Qe7 25. Nf3 Qd7 26. Qd4 f6 27. Qxb6 Rdc8 28. Rxc7 Rxc7 29. Nd4 Rc3 30. h3 Rxe3 31. Rc1 Re7 32. Kh2 h5 33. a4 h4 34. a5 Qe8 35. Qd6 Re4 36. Nf5 Qh5 37. Qd7 Qg6 38. Rc7 Re2 39. Qxg7+ Qxg7 40. Rxg7+ Kf8 41. Rxb7 Re4 42. Rb8+ Re8 43. Rxe8+ Kxe8 44. b5 1-0

[Event "Gatineau op"]
[Site "Gatineau CAN"]
[Date "2025.04.13"]
[Round "5.7"]
[White "Loadman, Ian"]
[Black "Moses, Neil"]
[Result "1/2-1/2"]
[WhiteElo "2032"]
[BlackElo "2333"]
[WhiteFideId "-1"]
[WhiteFideId "-1"]
[PlyCount "54"]
[GameId "2169905210087118"]
[EventDate "2025.04.11"]
[EventType "swiss"]
[EventRounds "5"]
[EventCountry "CAN"]

1. e4 c5 2. Nf3 e6 3. c3 Nf6 4. e5 Nd5 5. g3 d6 6. exd6 Bxd6 7. Bg2 O-O 8. O-O Nc6 9. d4 Qc7 10. Na3 a6 11. Nc4 Be7 12. dxc5 Bxc5 13. a4 b6 14. Qe2 Bb7 15. Bd2 b5 16. Nce5 Nxe5 17. Nxe5 Nf6 18. Bf4 Bxg2 19. Kxg2 Nd5 20. Bc1 Bd6 21. Re1 Rab8 22. Kg1 Rfe8 23. axb5 axb5 24. Bd2 b4 25. Rac1 bxc3 26. Bxc3 Nxc3 27. bxc3 Rec8 1/2-1/2

[Event "Gatineau op"]
[Site "Gatineau CAN"]
[Date "2025.04.13"]
[Round "5.8"]
[White "Bahmani, Amir Mohammad"]
[Black "Rousskikh, Maxim"]
[Result "0-1"]
[WhiteElo "2286"]
[BlackElo "2137"]
[WhiteFideId "-1"]
[WhiteFideId "-1"]
[PlyCount "94"]
[GameId "2169905210087119"]
[EventDate "2025.04.11"]
[EventType "swiss"]
[EventRounds "5"]
[EventCountry "CAN"]

1. e4 c6 2. d4 d5 3. Nc3 dxe4 4. Nxe4 Nf6 5. Nxf6+ exf6 6. c3 Bd6 7. Bd3 O-O 8. Qc2 Re8+ 9. Ne2 h5 10. Be3 Be6 11. Ng3 Bg4 12. Bh7+ Kh8 13. Bf5 Bxf5 14. Qxf5 g6 15. Qf3 Kg7 16. O-O Nd7 17. c4 Rc8 18. Rfd1 Bb8 19. b4 Qc7 20. c5 f5 21. d5 cxd5 22. Rxd5 Ne5 23. Qf4 Re6 24. Qd4 Kg8 25. Bh6 Kh7 26. Bg5 Nc6 27. Qd2 Rce8 28. Rd1 Kg8 29. b5 f4 30. Nf1 Ne7 31. Rd8 Nf5 32. Qc3 Qe5 33. Qc4 Kg7 34. R1d7 Rxd8 35. Bxd8 h4 36. Ba5 Qf6 37. Rxb7 Be5 38. Qd5 Nd4 39. c6 f3 40. c7 Ne2+ 41. Kh1 Bxc7 42. Rxc7 Qa1 43. Rxf7+ Kxf7 44. Qxf3+ Kg7 45. Qb7+ Kh6 46. Bd2+ g5 47. Bxg5+ Kg6 0-1

[Event "Gatineau op"]
[Site "Gatineau CAN"]
[Date "2025.04.13"]
[Round "5.9"]
[White "Azar, Sebastien"]
[Black "Lane, Ryan"]
[Result "1/2-1/2"]
[WhiteElo "2176"]
[BlackElo "2076"]
[WhiteFideId "-1"]
[WhiteFideId "-1"]
[PlyCount "95"]
[GameId "2169905210087120"]
[EventDate "2025.04.11"]
[EventType "swiss"]
[EventRounds "5"]
[EventCountry "CAN"]

1. c3 Nf6 2. Qc2 d5 3. d4 g6 4. Bf4 Bg7 5. h3 O-O 6. Nf3 c5 7. e3 cxd4 8. exd4 Nc6 9. Nbd2 Re8 10. Be2 e5 11. Nxe5 Nxe5 12. dxe5 Nh5 13. Be3 Bxe5 14. Nf3 Bf4 15. Bd4 Bf5 16. Qd1 Qd7 17. Kf1 Bc7 18. Kg1 Nf4 19. Bf1 Re7 20. g3 Ne6 21. Bf6 Ree8 22. Qd2 Bd8 23. Bxd8 Raxd8 24. Nd4 Be4 25. Bg2 Nc5 26. f3 Bf5 27. Bf1 a6 28. h4 h5 29. Qg5 Ne6 30. Qf6 Nxd4 31. Qxd4 Re7 32. Rh2 Rde8 33. Rd1 Re1 34. Rxe1 Rxe1 35. Re2 Rc1 36. Qf4 Rxf1+ 37. Kxf1 Bd3 38. Qb8+ Kh7 39. Qf4 Bxe2+ 40. Kxe2 Qb5+ 41. Ke3 Qb6+ 42. Kd3 Qb5+ 43. Kd4 Qb6+ 44. Kxd5 Qe6+ 45. Kd4 Qxa2 46. Qc7 Qb3 47. Ke3 Kg7 48. Qe5+ 1/2-1/2

[Event "Gatineau op"]
[Site "Gatineau CAN"]
[Date "2025.04.13"]
[Round "5.11"]
[White "Lamontagne, Damien"]
[Black "St-Germain, Jack"]
[Result "1/2-1/2"]
[WhiteElo "1871"]
[BlackElo "2128"]
[WhiteFideId "-1"]
[WhiteFideId "-1"]
[PlyCount "115"]
[GameId "2169905210074815"]
[EventDate "2025.04.11"]
[EventType "swiss"]
[EventRounds "5"]
[EventCountry "CAN"]

1. e4 c5 2. Nf3 d6 3. d4 cxd4 4. Nxd4 Nf6 5. Nc3 Nc6 6. Bc4 Qb6 7. Nxc6 bxc6 8. Bb3 g6 9. Be3 Qa5 10. f3 Bg7 11. Qd2 Be6 12. O-O-O Bxb3 13. cxb3 h5 14. Kb1 Rb8 15. Rhe1 Nd7 16. Bd4 Bxd4 17. Qxd4 Qe5 18. f4 Qxd4 19. Rxd4 f6 20. Ne2 h4 21. Rc4 g5 22. Rxc6 Nc5 23. Rc7 Ra8 24. e5 fxe5 25. fxe5 Nd3 26. Rf1 Nxe5 27. Nd4 Rf8 28. Rxf8+ Kxf8 29. Ne6+ Kf7 30. Nxg5+ Kf6 31. Ne4+ Kf5 32. Nd2 Kf6 33. g3 hxg3 34. hxg3 a5 35. Nc4 Nd3 36. Ne3 Rh8 37. a3 Ke6 38. Kc2 Nc5 39. g4 Rh2+ 40. Kc3 Rh3 41. Kd4 Nxb3+ 42. Ke4 Nc5+ 43. Kd4 a4 44. Nf5 Rh7 45. Ra7 Rf7 46. Kc4 Kf6 47. Rc7 Ne6 48. Ra7 Nc5 49. Rc7 Ke6 50. Ra7 Rh7 51. Kd4 Nd7 52. Rxa4 Ne5 53. Ne3 Rh2 54. Kc3 Re2 55. Nc2 Rg2 56. Ne3 Re2 57. Nc2 Rg2 58. Ne3 1/2-1/2

[Event "Gatineau op"]
[Site "Gatineau CAN"]
[Date "2025.04.13"]
[Round "5.12"]
[White "Zhu, Elber"]
[Black "Pitre, Lucas"]
[Result "1/2-1/2"]
[WhiteElo "2060"]
[BlackElo "1926"]
[WhiteFideId "-1"]
[WhiteFideId "-1"]
[PlyCount "41"]
[GameId "2169905210078912"]
[EventDate "2025.04.11"]
[EventType "swiss"]
[EventRounds "5"]
[EventCountry "CAN"]

1. d4 d6 2. c4 e5 3. d5 Be7 4. Nc3 Bg5 5. Nf3 Bxc1 6. Rxc1 f5 7. e4 Nf6 8. Bd3 f4 9. c5 O-O 10. cxd6 cxd6 11. Nb5 Na6 12. h3 Qb6 13. Qe2 Nc5 14. O-O Bd7 15. Na3 Nxd3 16. Qxd3 Rac8 17. Nc4 Qa6 18. Nfd2 g5 19. Qa3 Qxa3 20. Nxa3 b5 21. f3 1/2-1/2

[Event "Gatineau op"]
[Site "Gatineau CAN"]
[Date "2025.04.13"]
[Round "5.13"]
[White "Adam, Rafael"]
[Black "Nasr, Marwan"]
[Result "1-0"]
[WhiteElo "2318"]
[BlackElo "1946"]
[WhiteFideId "-1"]
[WhiteFideId "-1"]
[PlyCount "69"]
[GameId "2169905210078913"]
[EventDate "2025.04.11"]
[EventType "swiss"]
[EventRounds "5"]
[EventCountry "CAN"]

1. e4 c6 2. Nf3 d5 3. Nc3 dxe4 4. Nxe4 Nf6 5. Qe2 Nxe4 6. Qxe4 Nd7 7. Bc4 Nf6 8. Ne5 e6 9. Qe2 b5 10. Bd3 Qc7 11. b3 Bb7 12. Bb2 Bd6 13. a4 O-O 14. c4 b4 15. O-O c5 16. Bc2 Rad8 17. Rad1 a5 18. f4 Rfe8 19. Kh1 Ba8 20. d3 Bf8 21. Rd2 Qe7 22. Rfd1 g6 23. Qe3 Bh6 24. Rf2 Nh5 25. Kg1 Qb7 26. Rdd2 f5 27. Bd1 Nf6 28. Qxc5 Ne4 29. dxe4 Qxe4 30. Nf3 Bxf4 31. Rfe2 Qb1 32. Qa7 Bh6 33. Rd7 Rxd7 34. Qxd7 Bc6 35. Qxc6 1-0

[Event "Gatineau op"]
[Site "Gatineau CAN"]
[Date "2025.04.13"]
[Round "5.14"]
[White "Page-Fortin, Mathieu"]
[Black "Berube, Antoine"]
[Result "0-1"]
[WhiteElo "1981"]
[BlackElo "2172"]
[WhiteFideId "-1"]
[WhiteFideId "-1"]
[PlyCount "98"]
[GameId "2169905210078914"]
[EventDate "2025.04.11"]
[EventType "swiss"]
[EventRounds "5"]
[EventCountry "CAN"]

1. b3 d5 2. Bb2 Bf5 3. e3 e6 4. f4 Nf6 5. Nf3 h6 6. d3 a5 7. Nd4 Bh7 8. Nc3 c6 9. Qf3 Bd6 10. Be2 Nbd7 11. O-O-O e5 12. fxe5 Nxe5 13. Qh3 Qd7 14. Qxd7+ Nexd7 15. g4 O-O-O 16. Nf5 Bxf5 17. gxf5 g5 18. Rde1 Rhe8 19. Nd1 g4 20. h3 g3 21. Bf3 Rg8 22. Bg2 Rde8 23. c4 Be5 24. d4 Bd6 25. Nc3 Bb4 26. Re2 b6 27. cxd5 Bxc3 28. Bxc3 cxd5 29. Be1 Ne4 30. h4 Ndf6 31. Rh3 Kb7 32. Bxe4 Nxe4 33. Rg2 Rg4 34. Kd1 Rc8 35. Ke2 h5 36. Kf3 Rc1 37. Ke2 Rc6 38. Kf3 Rf6 39. Bxg3 Rxf5+ 40. Bf4 Rxg2 41. Kxg2 Rf6 42. Kf3 b5 43. Rh2 b4 44. Rg2 Rg6 45. Rxg6 fxg6 46. Bh6 Nc3 47. Bf8 Nxa2 48. e4 Kc6 49. Bh6 a4 0-1

[Event "Gatineau op"]
[Site "Gatineau CAN"]
[Date "2025.04.13"]
[Round "5.15"]
[White "Ramesan, Raunak"]
[Black "Iordanescu, Victor Nicolae"]
[Result "0-1"]
[WhiteElo "2004"]
[BlackElo "1849"]
[WhiteFideId "-1"]
[WhiteFideId "-1"]
[PlyCount "62"]
[GameId "2169905210078915"]
[EventDate "2025.04.11"]
[EventType "swiss"]
[EventRounds "5"]
[EventCountry "CAN"]

1. e4 c5 2. Nf3 d6 3. d4 cxd4 4. Nxd4 Nf6 5. Nc3 a6 6. Bg5 e6 7. f4 Be7 8. Qf3 Qc7 9. O-O-O Nbd7 10. g4 b5 11. Bxf6 Nxf6 12. g5 Nd7 13. f5 O-O 14. Rg1 b4 15. Nce2 e5 16. f6 exd4 17. fxe7 Re8 18. Nf4 Bb7 19. Nh5 Rxe7 20. Bd3 Ne5 21. Nf6+ Kh8 22. Qf5 gxf6 23. gxf6 Rc8 24. Qxc8+ Bxc8 25. fxe7 Qxe7 26. Rg3 Qf6 27. Rdg1 Ng6 28. Rf1 Qe7 29. Rf2 a5 30. Rf1 Be6 31. Rfg1 Qh4 0-1

[Event "Gatineau op"]
[Site "Gatineau CAN"]
[Date "2025.04.13"]
[Round "5.16"]
[White "Lattafi, Youcef"]
[Black "Duval, Mathieu"]
[Result "1/2-1/2"]
[WhiteElo "1906"]
[BlackElo "1983"]
[WhiteFideId "-1"]
[WhiteFideId "-1"]
[PlyCount "201"]
[GameId "2169905210078916"]
[EventDate "2025.04.11"]
[EventType "swiss"]
[EventRounds "5"]
[EventCountry "CAN"]

1. e4 g6 2. d4 Bg7 3. Nc3 d6 4. Be3 a6 5. Qd2 Nd7 6. Bd3 Ngf6 7. f3 b5 8. a4 b4 9. Na2 a5 10. c3 c5 11. Ne2 Ba6 12. Bxa6 Rxa6 13. dxc5 dxc5 14. O-O O-O 15. Nf4 Qc7 16. Qe2 Rd6 17. cxb4 cxb4 18. Nc1 Rc6 19. Rf2 Rc8 20. Nb3 Rc4 21. Nd3 Ne5 22. Rd1 Nfd7 23. h3 h5 24. f4 Nxd3 25. Qxd3 Nf8 26. Qd5 Rc2 27. Rdd2 Rxd2 28. Rxd2 Bh6 29. e5 Ne6 30. Rf2 Rd8 31. Qe4 Ng7 32. Nd4 Qd7 33. b3 Ne6 34. Rd2 Rc8 35. Nb5 Qc6 36. Qxc6 Rxc6 37. g3 h4 38. Kg2 Kg7 39. Kf3 hxg3 40. Kxg3 Rc1 41. Nd4 Rc3 42. Nxe6+ fxe6 43. Kf2 Rxb3 44. Rd7 Kf7 45. Ra7 Ra3 46. Rxa5 b3 47. Rb5 Rxa4 48. Kf3 Ra3 49. h4 Bf8 50. Bc5 Ra1 51. Rxb3 Rf1+ 52. Kg4 Bh6 53. Be3 Re1 54. Kg3 Re2 55. Ra3 Rc2 56. Ra1 Re2 57. Ra3 Rc2 58. Ra4 Re2 59. Kf3 Rh2 60. Bf2 Rh3+ 61. Bg3 Rh1 62. Ra2 Rb1 63. Kg4 Rb3 64. Rh2 Ra3 65. Rh3 Rb3 66. h5 gxh5+ 67. Rxh5 Kg6 68. Rh1 Rb4 69. Ra1 Kf7 70. Ra7 Bf8 71. Bh4 Rb1 72. Rc7 Rg1+ 73. Bg3 Rb1 74. Rd7 Rg1 75. Rb7 Rf1 76. Rb2 Rg1 77. Rf2 Kg6 78. Rf3 Rg2 79. Rf1 Ra2 80. Rf2 Ra3 81. Bh4 Rb3 82. Bg5 Rb1 83. Rg2 Rf1 84. Rg3 Rh1 85. Kf3 Kf7 86. Rg2 Rh3+ 87. Ke4 Bh6 88. Bxh6 Rxh6 89. Kf3 Rh1 90. Kg4 Ra1 91. Kg5 Ra8 92. Kg4 Ra1 93. Rg3 Rb1 94. Rh3 Rg1+ 95. Kf3 Rf1+ 96. Ke3 Re1+ 97. Kf2 Ra1 98. Rh7+ Kf8 99. Kf3 Rf1+ 100. Kg3 Rg1+ 101. Kf3 1/2-1/2

[Event "Gatineau op"]
[Site "Gatineau CAN"]
[Date "2025.04.13"]
[Round "5.17"]
[White "Filion, Samuel"]
[Black "Pelev, Iassen"]
[Result "1/2-1/2"]
[WhiteElo "1904"]
[BlackElo "2110"]
[WhiteFideId "-1"]
[WhiteFideId "-1"]
[PlyCount "131"]
[GameId "2169905210078917"]
[EventDate "2025.04.11"]
[EventType "swiss"]
[EventRounds "5"]
[EventCountry "CAN"]

1. Nf3 Nf6 2. g3 g6 3. b3 Bg7 4. Bb2 c5 5. c4 b6 6. Bg2 Bb7 7. O-O O-O 8. Nc3 e6 9. d4 cxd4 10. Nxd4 Bxg2 11. Kxg2 d5 12. cxd5 Nxd5 13. e3 Na6 14. Rc1 Rc8 15. Ndb5 Nxc3 16. Bxc3 Bxc3 17. Rxc3 Rxc3 18. Nxc3 Qc8 19. Ne4 f5 20. Ng5 Rd8 21. Qc1 Qxc1 22. Rxc1 e5 23. Nf3 e4 24. Nd4 Nc5 25. b4 Nd3 26. Rc7 Nxb4 27. Rxa7 Rd5 28. Rb7 Ra5 29. Rxb6 Nd3 30. Rb8+ Kg7 31. Ne6+ Kf6 32. Nf4 Ne5 33. Kf1 Nf3 34. Rb2 Nxh2+ 35. Ke2 Nf3 36. Ng2 Rc5 37. Ne1 Ne5 38. Rb6+ Ke7 39. Rb7+ Kd6 40. Rxh7 Ra5 41. Rh1 Rxa2+ 42. Kf1 Ng4 43. Kg1 Ke7 44. Rh7+ Kf6 45. Rc7 Rxf2 46. Rc2 Rxc2 47. Nxc2 Ke5 48. Kf1 Kd5 49. Ke2 Kc4 50. Nd4 Kc3 51. Ne6 Kc2 52. Nd4+ Kc1 53. Ne6 Ne5 54. Nf4 Kc2 55. Ne6 Nd3 56. Nf8 Nc1+ 57. Kf2 Kd2 58. Nxg6 Nd3+ 59. Kf1 Kxe3 60. Ne7 Kf3 61. Nxf5 Ne5 62. Ke1 Ng4 63. Nd6 e3 64. Nf5 e2 65. Nd4+ Kxg3 66. Nxe2+ 1/2-1/2

[Event "Gatineau op"]
[Site "Gatineau CAN"]
[Date "2025.04.13"]
[Round "5.18"]
[White "Dufresne, Christophe"]
[Black "Mok, Yuen Tak"]
[Result "0-1"]
[WhiteElo "1938"]
[BlackElo "2121"]
[WhiteFideId "-1"]
[WhiteFideId "-1"]
[PlyCount "92"]
[GameId "2169905210078918"]
[EventDate "2025.04.11"]
[EventType "swiss"]
[EventRounds "5"]
[EventCountry "CAN"]

1. e4 c6 2. Nf3 d5 3. d3 dxe4 4. dxe4 Qxd1+ 5. Kxd1 Nf6 6. Bd3 Nbd7 7. Nbd2 Nc5 8. b3 Bg4 9. Bb2 Rd8 10. Ke2 Bh5 11. h3 Bxf3+ 12. gxf3 g6 13. f4 Bh6 14. Ke3 Ne6 15. Kf3 Nxf4 16. Nc4 Nxd3 17. cxd3 Rxd3+ 18. Ke2 Rd8 19. Bxf6 exf6 20. Rad1 Ke7 21. Na5 Rb8 22. h4 Bf4 23. b4 Bc7 24. Nb3 h5 25. a4 Rbd8 26. Rc1 Bd6 27. b5 cxb5 28. axb5 Rc8 29. Na5 Rxc1 30. Rxc1 Rb8 31. Ke3 g5 32. hxg5 fxg5 33. Rg1 f6 34. Nb3 a6 35. bxa6 bxa6 36. Na5 Kf7 37. Rd1 Bc5+ 38. Kf3 Rb2 39. Rf1 Kg6 40. Nc4 Rb3+ 41. Kg2 Rc3 42. Nd2 Rc2 43. Nf3 a5 44. e5 Kf7 45. exf6 Kxf6 46. Ne1 Rc1 0-1

[Event "Gatineau op"]
[Site "Gatineau CAN"]
[Date "2025.04.13"]
[Round "5.19"]
[White "Desjardins, Michel"]
[Black "Turcotte, Jonathan"]
[Result "1/2-1/2"]
[WhiteElo "1936"]
[BlackElo "2043"]
[WhiteFideId "-1"]
[WhiteFideId "-1"]
[PlyCount "54"]
[GameId "2169905210083015"]
[EventDate "2025.04.11"]
[EventType "swiss"]
[EventRounds "5"]
[EventCountry "CAN"]

1. e4 c5 2. c3 Nf6 3. e5 Nd5 4. d4 cxd4 5. cxd4 d6 6. Nf3 Nc6 7. Bc4 Nb6 8. Bb5 dxe5 9. Nxe5 Bd7 10. Nxd7 Qxd7 11. Nc3 Rd8 12. Be3 Nd5 13. Rc1 e6 14. Qa4 Nxc3 15. bxc3 Rc8 16. O-O Be7 17. Bxc6 Qxc6 18. Qxa7 O-O 19. Rb1 Qxc3 20. Qxb7 Qa3 21. Rfd1 Bf6 22. Qb3 Ra8 23. Rd2 h6 24. g3 Rfd8 25. Qxa3 Rxa3 26. Rb3 Ra4 27. Rbd3 Rda8 1/2-1/2

[Event "Gatineau op"]
[Site "Gatineau CAN"]
[Date "2025.04.13"]
[Round "5.20"]
[White "Wu, Ting En Ryan"]
[Black "Hong, Zihan"]
[Result "0-1"]
[WhiteElo "1926"]
[BlackElo "1936"]
[WhiteFideId "-1"]
[WhiteFideId "-1"]
[PlyCount "38"]
[GameId "2169905210083017"]
[EventDate "2025.04.11"]
[EventType "swiss"]
[EventRounds "5"]
[EventCountry "CAN"]

1. e4 c5 2. Nf3 d6 3. d4 cxd4 4. Nxd4 Nf6 5. Nc3 g6 6. Be3 Bg7 7. f3 Nc6 8. Bc4 O-O 9. Qd2 Bd7 10. O-O-O Rb8 11. Kb1 b5 12. Bb3 Na5 13. Nd5 Nc4 14. Bxc4 bxc4 15. h4 Nxd5 16. exd5 Qb6 17. c3 Qa5 18. h5 Rb6 19. Nc6 Bf5+ 0-1